=LDR 00000nam 2200000 4500 =001 INLIS000000000024979 =005 20130612123526 =008 ***********************************Ind** =035 ##$$0010-061300000024979 =041 ##$$a Ind =082 ##$$a 2x9 =090 ##$$a 2x9, Abb e =100 ##$$a Abbas, Siradjuddin =245 ##$$a 40 Masalah Agama Jilid III, K.H.Siradjuddin 'Abbas =260 ##$$a 1995 $b Jakarta =300 ##$$a 388 hlm, 21cm =650 ##$$a Aqidah Islam =850 ##$$a NBPNMAT